| 000 | 00944njm a2200277Ia 4500 | ||
|---|---|---|---|
| 001 | 26111 | ||
| 003 | IT-RoPAU | ||
| 005 | 20220918181128.0 | ||
| 008 | 131025s9999 xx 000 0 und d | ||
| 040 | _aIT-RoPAU | ||
| 040 | _cIT-RoPAU | ||
| 999 |
_c100348 _d100348 |
||
| 999 | _bNO | ||
| 100 |
_aChiti Gianpaolo _915660 |
||
| 100 |
_eAutore musica _915661 |
||
| 100 |
_gCodice autore musica SPICS: 1176 _915662 |
||
| 245 | _aDimensione barocca | ||
| 250 | _a1a ed. | ||
| 260 | _aROMA | ||
| 260 |
_bSPICS RECORDS _c1985 [1a Ed.:1977 - Ed. Lingua Orig.: 1977] |
||
| 300 | _aMUSICASSETTA | ||
| 300 | _c51 minuti (Testo: pag.) | ||
| 500 | _aMusica strumentale. | ||
| 505 | _aVolute sonore - Capitelli - Allegro impetuoso - Onda armonica - Sagrato - Fascie architettoniche - Dimensione barocca - Navate - Invenzione barocca - Sinfonia marmorea - Mausoleo - Architrave | ||
| 650 |
_aSTRUMENTALE [CASSETTE] _eCodice MATERIA SPICS: 9951 _91218 |
||
| 942 |
_cMC _2ddc |
||